[Event "IECG RN.2001.0.00004"]
[Site "IECG email"]
[Date "2001.04.01"]
[Round "?"]
[White "Bharat, Joisar"]
[Black "Manarin, Franco"]
[Result "1-0"]
[WhiteElo "800"]
[BlackElo "831"]
[PlyCount "33"]
[EventDate "2001.04.01"]
[EventType "tourn (corr)"]
[EventRounds "6"]
[SourceTitle "Corr 2008"]
[Source "ChessBase"]
[SourceDate "2008.06.24"]
[SourceVersion "1"]
[SourceVersionDate "2008.06.24"]
[SourceQuality "1"]

1. e4 Nc6 2. Nf3 d5 3. exd5 Qxd5 4. d4 Bg4 5. Be2 0-0-0 6. Nc3 Qa5 7. Be3 Bxf3 8. Bxf3 Ne5 9. 0-0 Nxf3+ 10. Qxf3 Nf6 11. d5 Nxd5 12. Rad1 Nxe3 13. Rxd8+ Kxd8 14. fxe3 c6 15. Qxf7 Qe5 16. Rd1+ Kc7 17. Qe8 1-0

[Event "IECG RN.2001.0.00004"]
[Site "IECG email"]
[Date "2001.04.01"]
[Round "?"]
[White "Bharat, Joisar"]
[Black "Smeltzer, Brent S"]
[Result "0-1"]
[WhiteElo "800"]
[BlackElo "981"]
[PlyCount "70"]
[EventDate "2001.04.01"]
[EventType "tourn (corr)"]
[EventRounds "6"]
[SourceTitle "Corr 2008"]
[Source "ChessBase"]
[SourceDate "2008.06.24"]
[SourceVersion "1"]
[SourceVersionDate "2008.06.24"]
[SourceQuality "1"]

1. e4 c5 2. Nf3 d6 3. d4 cxd4 4. Nxd4 Nf6 5. Nc3 a6 6. Be2 e5 7. Nb3 Be7 8. 0-0 Be6 9. f4 Qc7 10. a4 Nbd7 11. Kh1 0-0 12. Be3 exf4 13. Rxf4 Ne5 14. a5 Rac8 15. Nd4 Nfd7 16. Qe1 Rfe8 17. Qg3 Ng6 18. Rff1 Bh4 19. Qf3 Nde5 20. Qh5 Qd7 21. Nf5 Be7 22. Rad1 Qc7 23. Bb6 Qc6 24. Rf2 h6 25. Nd5 Bxd5 26. exd5 Qxc2 27. Bxa6 Qe4 28. Bxb7 Rb8 29. a6 Nf4 30. Rxf4 Qxf4 31. Bc7 g6 32. Qe2 Qxf5 33. Bxb8 Qd7 34. Ba7 Bf6 35. Qf1 Bg7 0-1

[Event "IECG QN.2001.0.00173"]
[Site "IECG email"]
[Date "2001.03.29"]
[Round "?"]
[White "Bharat, Joisar"]
[Black "Burlinson, Frazer"]
[Result "0-1"]
[WhiteElo "800"]
[BlackElo "800"]
[PlyCount "32"]
[EventDate "2001.03.29"]
[EventType "tourn (corr)"]
[EventRounds "6"]
[SourceTitle "Corr 2008"]
[Source "ChessBase"]
[SourceDate "2008.06.24"]
[SourceVersion "1"]
[SourceVersionDate "2008.06.24"]
[SourceQuality "1"]

1. e4 e5 2. Nf3 d6 3. d4 Nc6 4. Nc3 a6 5. dxe5 Nxe5 6. Nxe5 dxe5 7. Qxd8+ Kxd8 8. Bc4 f6 9. Be3 Bd6 10. 0-0-0 Nh6 11. f3 Ke8 12. Rd2 Bd7 13. Rhd1 Rd8 14. Bd5 b6 15. Bb7 a5 16. Bxh6 gxh6 0-1

[Event "IECG CN.2001.0.00240"]
[Site "IECG email"]
[Date "2001.03.25"]
[Round "?"]
[White "Bharat, Joisar"]
[Black "Soule, Larry P"]
[Result "1-0"]
[WhiteElo "800"]
[BlackElo "687"]
[PlyCount "39"]
[EventDate "2001.03.25"]
[EventType "tourn (corr)"]
[EventRounds "6"]
[SourceTitle "Corr 2008"]
[Source "ChessBase"]
[SourceDate "2008.06.24"]
[SourceVersion "1"]
[SourceVersionDate "2008.06.24"]
[SourceQuality "1"]

1. e4 c5 2. Nf3 d6 3. d4 cxd4 4. Nxd4 Nf6 5. Nc3 Nc6 6. Bg5 e6 7. Qd2 a6 8. 0-0-0 Bd7 9. Nxc6 bxc6 10. f4 Be7 11. g3 Qb6 12. e5 Ng4 13. Bxe7 Nf2 14. Qxd6 Nxd1 15. Bg5 f6 16. exf6 0-0-0 17. Na4 Qe3+ 18. Kb1 Nc3+ 19. bxc3 Qe4 20. Bxa6# 1-0